000 00337nam a22001457a 4500
008 250703b |||||||| |||| 00| 0 eng d
020 _a0748724281
050 _aHD8039
_b.W37
100 _aWARD John
245 _aLeisure and Tourism
250 _a2
260 _aNil
_bStanly Thomas Publisher
_cNil
300 _axi, 111p.
942 _cBK
999 _c4120
_d4120